000
00254nam a2200097Ia 4500
008
240331s9999 xx 000 0 und d
082
_b
THI
100
_a
Thiruchandran,S
245
0
_a
Punaivugal Ninaivugal Nijangal :
_b
Oru Aaivunilaith Thoguppu
942
_c
L
999
_c
5815
_d
5815